Understanding hermeneutics / (Record no. 119220)
[ view plain ]
| 000 -LEADER | |
|---|---|
| fixed length control field | 01659cam a2200409 a 4500 |
| 001 - CONTROL NUMBER | |
| control field | 6005520 |
| 003 - CONTROL NUMBER IDENTIFIER | |
| control field | ARRUPE |
| 005 - DATE AND TIME OF LATEST TRANSACTION | |
| control field | 20131211165125.0 |
| 008 - FIXED-LENGTH DATA ELEMENTS--GENERAL INFORMATION | |
| fixed length control field | 060712s2006 enk b 001 0 eng |
| 020 ## - INTERNATIONAL STANDARD BOOK NUMBER | |
| International Standard Book Number | 9781844650767 (hbk.) |
| 020 ## - INTERNATIONAL STANDARD BOOK NUMBER | |
| International Standard Book Number | 1844650766 (hbk.) |
| 020 ## - INTERNATIONAL STANDARD BOOK NUMBER | |
| International Standard Book Number | 1844650774 (pbk.) |
| 020 ## - INTERNATIONAL STANDARD BOOK NUMBER | |
| International Standard Book Number | 9781844650774 (pbk.) |
| 024 ## - OTHER STANDARD IDENTIFIER | |
| Standard number or code | 99937867912 |
| 035 ## - SYSTEM CONTROL NUMBER | |
| System control number | (OCoLC)ocm70882272\ |
| 035 ## - SYSTEM CONTROL NUMBER | |
| System control number | (OCoLC)70882272 |
| 035 ## - SYSTEM CONTROL NUMBER | |
| System control number | (NNC)6005520 |
| 040 ## - CATALOGING SOURCE | |
| Original cataloging agency | UKM |
| Transcribing agency | UKM |
| Modifying agency | BWKUK |
| -- | YDXCP |
| -- | BAKER |
| -- | BTCTA |
| -- | VP@ |
| -- | NLGGC |
| -- | OCLCQ |
| -- | OUP |
| 042 ## - AUTHENTICATION CODE | |
| Authentication code | ukblcatcopy |
| 050 #4 - LIBRARY OF CONGRESS CALL NUMBER | |
| Classification number | BD241 |
| Item number | U55 2006 |
| 082 04 - DEWEY DECIMAL CLASSIFICATION NUMBER | |
| Classification number | 121.68 |
| Edition number | 22 |
| 084 ## - OTHER CLASSIFICATION NUMBER | |
| Classification number | 08.25 |
| Source of number | bcl |
| 300 ## - PHYSICAL DESCRIPTION | |
| Dimensions | 22 cm. |
| 100 1# - MAIN ENTRY--PERSONAL NAME | |
| Personal name | Schmidt, Lawrence K. |
| Fuller form of name | (Lawrence Kennedy), |
| Dates associated with a name | 1949- |
| 9 (RLIN) | 5554 |
| 245 10 - TITLE STATEMENT | |
| Title | Understanding hermeneutics / |
| Statement of responsibility, etc | Lawrence K. Schmidt. |
| 260 ## - PUBLICATION, DISTRIBUTION, ETC. (IMPRINT) | |
| Place of publication, distribution, etc | Stocksfield : |
| Name of publisher, distributor, etc | Acumen, |
| Date of publication, distribution, etc | 2006. |
| 300 ## - PHYSICAL DESCRIPTION | |
| Extent | viii, 184 p. ; |
| 490 1# - SERIES STATEMENT | |
| Series statement | Understanding movements in modern thought |
| 504 ## - BIBLIOGRAPHY, ETC. NOTE | |
| Bibliography, etc | Includes bibliographical references (p. 177-180) and index. |
| 505 0# - FORMATTED CONTENTS NOTE | |
| Formatted contents note | Introduction: what is hermeneutics? -- 1. Schleiermacher's universal hermeneutics -- 2. Dilthey's hermeneutic understanding -- 3. Heidegger's hermeneutic ontology -- 4. Hermeneutics in the late Heidegger -- 5. Gadamer's theory of hermeneutic experience -- 6. Gadamer's ontological turn towards language -- 7. Hermeneutic controversies -- Questions for discussion and revision. |
| 650 #0 - SUBJECT ADDED ENTRY--TOPICAL TERM | |
| Topical term or geographic name as entry element | Hermeneutics. |
| 9 (RLIN) | 5555 |
| 650 17 - SUBJECT ADDED ENTRY--TOPICAL TERM | |
| Topical term or geographic name as entry element | Hermeneutiek. |
| Source of heading or term | gtt |
| 9 (RLIN) | 5556 |
| 830 #0 - SERIES ADDED ENTRY--UNIFORM TITLE | |
| Uniform title | Understanding movements in modern thought. |
| 9 (RLIN) | 5557 |
| 942 ## - ADDED ENTRY ELEMENTS (KOHA) | |
| Source of classification or shelving scheme | Library of Congress Classification |
| Koha item type | Monograph ( Printed materials) |
| 948 1# - LOCAL PROCESSING INFORMATION (OCLC); SERIES PART DESIGNATOR (RLIN) | |
| Series part designator, SPT (RLIN) | 20061212 |
| b (OCLC) | c |
| c (OCLC) | ks26 |
| d (OCLC) | MPS |
| 948 2# - LOCAL PROCESSING INFORMATION (OCLC); SERIES PART DESIGNATOR (RLIN) | |
| Series part designator, SPT (RLIN) | 20100720 |
| b (OCLC) | a |
| c (OCLC) | jeb52 |
| d (OCLC) | MPS |
| Withdrawn status | Lost status | Source of classification or shelving scheme | Damaged status | Not for loan | Home library | Current library | Shelving location | Date acquired | Total Checkouts | Full call number | Barcode | Date last seen | Date checked out | Price effective from | Koha item type |
|---|---|---|---|---|---|---|---|---|---|---|---|---|---|---|---|
| Library of Congress Classification | ARRUPE LIBRARY | ARRUPE LIBRARY | Main Collection | 11/12/2013 | 4 | BD241 U55 2006 | 464122976 | 28/11/2023 | 30/10/2023 | 11/12/2013 | Monograph ( Printed materials) |